Villarreal CF Squad 2019-2020 - Statistics

General Stats
  • This quiz has been taken 18 times
  • The average score is 19 of 27
Answer Stats
# Position Nation Player % Correct
13 GK Spain Andrés Fernández
100%
9 FW Colombia Carlos Bacca
100%
1 GK Spain Sergio Asenjo
100%
18 DF Spain Alberto Moreno
86%
7 FW Spain Gerard Moreno
86%
17 FW Cameroon Karl Toko Ekambi
86%
14 MF Spain Manu Trigueros
86%
17 FW Spain Paco Alcácer
86%
4 DF Spain Pau Torres
86%
3 DF Spain Raúl Albiol
86%
11 FW Nigeria Samuel Chukwueze
86%
10 MF Spain Vicente Iborra
86%
21 MF Spain Bruno Soriano
71%
2 DF Spain Mario Gaspar
71%
6 DF Argentina Ramiro Funes Mori
71%
20 DF Spain Rubén Peña
71%
8 MF Spain Santi Cazorla
71%
19 MF Cameroon Zambo Anguissa
71%
- Coach Spain Javier Calleja
57%
15 MF Spain Manu Morlanes
57%
25 GK Argentina Mariano Barbosa
57%
23 FW Spain Moi Gómez
57%
5 MF Argentina Santiago Cáseres
57%
22 DF Morocco Sofian Chakla
57%
22 FW Argentina Leo Suárez
43%
24 FW Spain Javier Ontiveros
29%
16 DF Spain Xavi Quintillà
29%
No matching quizzes found
Score Distribution
Percent of People with Each Score
Percentile by Number Answered
Your Score History
You have not taken this quiz